| Tag |
First Indicator |
Second Indicator |
Subfields |
| LEADER |
00000cam a2200000Ia 4500 |
| 001 |
in00002695721 |
| 006 |
m d |
| 007 |
cr cn||||||||| |
| 008 |
110128s2011 enkab ob 001 0 eng d |
| 005 |
20250816223759.9 |
| 010 |
|
|
|z 2011004140
|
| 020 |
|
|
|z 9780230221291
|
| 035 |
|
|
|a (CaPaEBR)ebr10466585
|
| 040 |
|
|
|a CaPaEBR
|c CaPaEBR
|d UtOrBLW
|
| 050 |
1 |
4 |
|a ML3917.A4
|b K59 2011eb
|
| 082 |
0 |
4 |
|a 780.89/92761
|2 22
|
| 100 |
1 |
|
|a Kiwan, Nadia.
|
| 245 |
1 |
0 |
|a Cultural globalization and music :
|b African artists in transnational networks /
|c Nadia Kiwan, Ulrike Hanna Meinhof.
|
| 264 |
|
1 |
|a Basingstoke ;
|a New York :
|b Palgrave Macmillan,
|c 2011.
|
| 300 |
|
|
|a x, 273 pages :
|b illustrations, maps.
|
| 336 |
|
|
|a text
|b txt
|2 rdacontent
|
| 337 |
|
|
|a computer
|b c
|2 rdamedia
|
| 338 |
|
|
|a online resource
|b cr
|2 rdacarrier
|
| 504 |
|
|
|a Includes bibliographical references and index.
|
| 533 |
|
|
|a Electronic reproduction.
|b Palo Alto, Calif. :
|c ebrary,
|d 2011.
|n Available via World Wide Web.
|n Access may be limited to ebrary affiliated libraries.
|
| 500 |
|
|
|a Electronic resource.
|
| 650 |
|
0 |
|a Popular music
|x Social aspects
|z Africa.
|
| 650 |
|
0 |
|a Music and transnationalism
|z Europe.
|
| 650 |
|
0 |
|a Music and transnationalism
|z Africa.
|
| 655 |
|
7 |
|a Electronic books.
|2 local
|
| 700 |
1 |
|
|a Meinhof, Ulrike Hanna.
|
| 710 |
2 |
|
|a ebrary, Inc.
|
| 856 |
4 |
0 |
|u https://ebookcentral.proquest.com/lib/tamucs/detail.action?docID=686605
|y Connect to the full text of this electronic book
|t 0
|
| 980 |
|
|
|a 110621
|b 85
|c USD
|e 85
|f YBP_EBR0000017824
|g 1
|
| 999 |
f |
f |
|s 1699c476-0a0a-3f8f-82f2-4cb70e71b00a
|i 344c32ff-0bfe-33f9-9e90-3ff5c5cae412
|t 0
|
| 999 |
|
|
|a MARS
|
| 952 |
f |
f |
|a Texas A&M University
|b College Station
|c Electronic Resources
|d Available Online
|t 0
|e ML3917.A4 K59 2011eb
|h Library of Congress classification
|
| 998 |
f |
f |
|a ML3917.A4 K59 2011eb
|t 0
|l Available Online
|